000 00751nam a22002777a 4500
001 BR9510651
003 BR-BrBNA
005 20230928094832.0
007 ta
008 230509b bl.||||| |||| 00| 0 por d
040 _aBR-BrBNA
_bpor
_cBiblioteca Nacional de Agricultura
041 _a(Por)
072 _aS01
090 _ S01 BR9510651
100 1 _aSilva, F.R. da
110 1 _aAssociacao de Credito e Assistencia Rural do Estado do Para, Belem (Brasil)
_9493
245 1 _aOrientacoes sobre educacao alimentar
260 3 _aBelem, PA (Brasil):
_c1968.
300 _a25 p.
650 _aAlimentacao
650 _aComposicao de Alimento
650 _aCurso
650 _aPara
909 _a202309
_bLucia
_c55
_dLucia Elande
942 _cBK
999 _c52920
_d52920